LEADER 01010nam0-2200313---450- 001 990009558510403321 005 20120419141944.0 010 $a978-1-84844-528-4 035 $a000955851 035 $aFED01000955851 035 $a(Aleph)000955851FED01 035 $a000955851 100 $a20120417d2010----km-y0itay50------ba 101 0 $aeng 102 $aGB 105 $aa-------001yy 200 1 $aTransnational environmental governance$ethe emergence and effects of the certification of forests and fisheries$fLars H. Gulbrandsen 210 $aCheltenham, UK ; Northampton, USA$cEdward Elgar$d2010 215 $ax, 213 p.$cill.$d24 cm 610 0 $aPolitica ambientale$aCooperazione internazionale 676 $a333.7516$v20$zita 700 1$aGulbrandsen,$bLars H.$0516132 801 0$aIT$bUNINA$gREICAT$2UNIMARC 901 $aBK 912 $a990009558510403321 952 $aVII C 456$b47299$fFSPBC 959 $aFSPBC 996 $aTransnational environmental governance$9846974 997 $aUNINA LEADER 01158nam2-2200385---450- 001 990003223850203316 005 20090422093841.0 010 $a978-0-521-78274-6 035 $a000322385 035 $aUSA01000322385 035 $a(ALEPH)000322385USA01 035 $a000322385 100 $a20090422d2007----km-y0itay50------ba 101 $aeng 102 $aGB 105 $a||||||||001yy 200 1 $a<<2.:>> Rome from the Late Republic to the Late Empire$fedited by Philip Sabin, Hans Van Wees and Michael Whitby 210 $aCambridge [etc.]$cCambridge University press$d2007 215 $aXIV, 608 p.$cill.$d24 cm 410 0$12001 454 1$12001 461 1$1001000322379$12001 606 0 $aArte militare$2BNCF 676 $a355.020938 702 1$aWEES,$bHans : van 702 1$aSABIN,$bPhilip A. G. 702 1$aWHITBY,$bMichael 801 0$aIT$bsalbc$gISBD 912 $a990003223850203316 951 $aIX.3. 616/2$b207630 B/L.M.$cIX.3.$d00207105 959 $aBK 969 $aUMA 979 $aMARTUCCIEL$b90$c20090422$lUSA01$h0938 996 $aRome from the Late Republic to the Late Empire$91011773 997 $aUNISA LEADER 02146nas0 2200457 i 450 001 CFI0794721 005 20251003044146.0 011 $a2239-6152$bonline 011 $a2280-9112 017 70$aP 00237945$2P 100 $a20121002a20129999||||0itac50 ba 101 | $aita 102 $ait 110 $aa|u|||||||| 181 1$6z01$ai $bxxxe 182 1$6z01$an 183 1$6z01$anc$2RDAcarrier 200 1 $aAIB studi$erivista di biblioteconomia e scienze dell'informazione 207 0$aVol. 52, n. 1 (gen.-apr. 2012)- 210 $aRoma$cAIB$d2012- 215 $avolumi$d24 cm 300 $aQuadrimestrale 300 $aDisponibile anche online 430 0$1001CFI0209049$12001 $aBollettino AIB$erivista italiana di biblioteconomia e scienze dell'informazione$fAssociazione italiana biblioteche 530 1 $aAIB studi$9SBN0089020 676 $a020$9BIBLIOTECONOMIA E SCIENZA DELL'INFORMAZIONE$v21 676 $a020.5$9BIBLIOTECONOMIA E SCIENZA DELL'INFORMAZIONE. Pubblicazioni in serie$v22 712 02$aAssociazione italiana biblioteche$3CFIV014188 791 02$aAIB$c $3CFIV148638$zAssociazione italiana biblioteche 791 02$aAIB$c $3CFIV200417$zAssociazione italiana biblioteche 791 02$aAIB$c $3CFIV148638$zAssociazione italiana biblioteche 801 3$aIT$bIT-000000$c20121002 850 $aIT-BN0095 $aIT-NA0079 $aIT-BN0090 $aIT-NA0070 $aIT-NA0059 $aIT-NA0120 901 $bNAP BN$cPER.ITAL. $nFondo librario esculso dal servizio di prestito. La consultazione dei documenti avviene presso la Sezione Periodici 901 $bNAP BU$cPER. $nPeriodici. 901 $bNAP BS$cMISC $n$ 912 $aCFI0794721 950 0$aBiblioteca Centralizzata di Ateneo$c51(2011)-52(2012). lac 2011-2012.$d 01PER. ITA. BOLA$e 0102 0000096245 VPA A4(2012 52(2012), n. 3$fB $h20130404$i20130408 977 $a 01$a BN$a BS$a BU$a CN$a CR 996 $aAIB studi$9105005 997 $aUNISANNIO